000
00283nam a2200109Ia 4500
008
230907s9999||||xx |||||||||||||| ||und||
082
_a
621.381,SCH
100
_a
Scherz, Paul,
_9
115268
245
0
_a
Practical electronics for inventors /
300
_a
xxv, 1027 pages ;
942
_c
BK
999
_c
597983
_d
597983